000 00647nam a22002417a 4500
003 UA-OsUOA
001 105245
007 ta
008 20140218b un ||||| |||| 00| 0 ukr d
100 _aСмирнов Ю. М.
090 _a341.718
_bС50
942 _cBK
040 _aUA-OsUOA
_brus
_cUA-OsUOA
_dUA-OsUOA
245 _aКонсульское право: практика применения
_bкурс лекций
300 _a352 с.
955 _a2
041 _arus
080 _a341.718
020 _a5-88720-033-2
260 _aМ.
_bНИМП
_c2001
650 7 _a341 Міжнародне право
_2UDC
999 _c391209
_d391209